विद्यापति पदावली में बिम्ब विधान / (Record no. 112061)

MARC details
000 -LEADER
fixed length control field 01134nam a22002657a 4500
005 - DATE AND TIME OF LATEST TRANSACTION
control field 20170124102933.0
010 ## - LIBRARY OF CONGRESS CONTROL NUMBER
LC control number A-955349
020 ## - INTERNATIONAL STANDARD BOOK NUMBER
Terms of availability 300.00
035 ## - SYSTEM CONTROL NUMBER
System control number A-955349
037 ## - SOURCE OF ACQUISITION
Source of stock number/acquisition Cen Lib/Ret
040 ## - CATALOGING SOURCE
Original cataloging agency DPL
Language of cataloging HN
082 ## - DEWEY DECIMAL CLASSIFICATION NUMBER
Classification number 821.08
Item number चौधरी
100 ## - MAIN ENTRY--PERSONAL NAME
Personal name चौधरी ,दीनानाथ
9 (RLIN) 45692
245 ## - TITLE STATEMENT
Title विद्यापति पदावली में बिम्ब विधान /
Statement of responsibility, etc दीनानाथ चौधरी
246 ## - VARYING FORM OF TITLE
Title proper/short title Vidyapati Padavali Mein Bimb Vidhan
Remainder of title by Deenanath Choudhary
260 ## - PUBLICATION, DISTRIBUTION, ETC. (IMPRINT)
Place of publication, distribution, etc नई दिल्ली
Name of publisher, distributor, etc नमन प्रकाशन
Date of publication, distribution, etc 1999
270 ## - ADDRESS
Address 4378/4B, अंसारी रोड दरिया गंज
City नई दिल्ली
Postal code 110002
300 ## - PHYSICAL DESCRIPTION
Extent 234पृष्ठ.
Dimensions 20सेमी (सजिल्द )
650 ## - SUBJECT ADDED ENTRY--TOPICAL TERM
Topical term or geographic name as entry element हिंदी साहित्य
9 (RLIN) 45693
650 ## - SUBJECT ADDED ENTRY--TOPICAL TERM
Topical term or geographic name as entry element विद्यापति का काव्य
9 (RLIN) 4432
650 ## - SUBJECT ADDED ENTRY--TOPICAL TERM
Topical term or geographic name as entry element Hindi literature
9 (RLIN) 45694
650 ## - SUBJECT ADDED ENTRY--TOPICAL TERM
Topical term or geographic name as entry element Vidyapati 's poetry
9 (RLIN) 45695
700 ## - ADDED ENTRY--PERSONAL NAME
9 (RLIN) 210
942 ## - ADDED ENTRY ELEMENTS (KOHA)
Source of classification or shelving scheme Dewey Decimal Classification
Koha item type Hindi Books
Classification part 821.08
Call number suffix विद्याप
Holdings
Withdrawn status Lost status Damaged status Not for loan Home library Current library Date acquired Source of acquisition Cost, normal purchase price Total Checkouts Full call number Barcode Date last seen Date checked out Copy number Cost, replacement price Price effective from Koha item type
        Central Library Central Library 06/08/2015 Cen Lib/Ret 300.00 1 821.08 चौधरी A-955349 06/07/2019 18/06/2019 1 300.00 06/08/2015 Hindi Books

© Delhi Public Library
Hit Counter
free hit counter